Länder ohne den Buchstaben B - Statistiken

Allgemein
  • Dieses Quiz wurde 69 mal gespielt
  • Das Durchschnittsergebnis liegt bei 96 aus 145
Antwortstatistiken
Antwort % Korrekt
Deutschland
93%
Schweden
89%
Finnland
88%
Japan
88%
Kanada
88%
Polen
88%
Andorra
86%
Argentinien
86%
Chile
86%
Griechenland
86%
Norwegen
86%
Österreich
86%
Portugal
86%
Spanien
86%
Vereinigte Staaten
86%
China
84%
Frankreich
84%
Irland
84%
Island
82%
Litauen
82%
Mexiko
82%
Peru
82%
Russland
82%
Schweiz
82%
Vatikanstadt
82%
Dänemark
80%
Italien
80%
Lettland
80%
Liechtenstein
80%
Marokko
80%
Slowakei
80%
Australien
79%
Slowenien
79%
Afghanistan
77%
Estland
77%
Indien
77%
Rumänien
77%
Iran
75%
Oman
75%
San Marino
75%
Tschechien
75%
Ukraine
75%
Ungarn
75%
Uruguay
75%
Venezuela
75%
Algerien
73%
Ghana
73%
Irak
73%
Israel
73%
Kenia
73%
Paraguay
73%
Sudan
73%
Armenien
71%
Costa Rica
71%
Kasachstan
71%
Monaco
71%
Panama
71%
Vereinigtes Königreich
71%
Äthiopien
70%
Neuseeland
70%
Nicaragua
70%
Nordkorea
70%
Südafrika
70%
Togo
70%
Vietnam
70%
Indonesien
68%
Niger
68%
Nigeria
68%
Südsudan
68%
Türkei
68%
Zypern
68%
Angola
66%
Georgien
66%
Jemen
66%
Kroatien
66%
Pakistan
66%
Honduras
64%
Jordanien
64%
Malediven
64%
Mali
64%
Nordmazedonien
64%
Senegal
64%
Tansania
64%
Tunesien
64%
Fidschi
63%
Guinea
63%
Haiti
63%
Suriname
63%
Jamaika
61%
Kirgisistan
61%
Kosovo
61%
Mongolei
61%
St. Lucia
61%
Ecuador
59%
Laos
59%
Madagaskar
59%
Malaysia
59%
Montenegro
59%
Nauru
59%
Nepal
59%
Seychellen
59%
Thailand
59%
Turkmenistan
59%
Uganda
59%
Guyana
57%
Lesotho
57%
Osttimor
57%
Ruanda
57%
Tonga
57%
Guatemala
55%
Marshallinseln
55%
Mauretanien
55%
Myanmar
55%
Tadschikistan
55%
Äquatorialguinea
54%
Eswatini
54%
Kap Verde
54%
Komoren
54%
Malawi
54%
Mauritius
54%
Palau
54%
Sri Lanka
54%
Vanuatu
54%
Dominica
52%
El Salvador
52%
Eritrea
52%
Grenada
52%
Kamerun
52%
Mikronesien
52%
Papua-Neuguinea
52%
Philippinen
52%
Salomonen
52%
Sierra Leone
52%
St. Kitts und Nevis
52%
Katar
50%
Kuwait
50%
Samoa
50%
Somalia
50%
Tschad
50%
Tuvalu
48%
Sao Tome und Principe
41%
Singapur
41%
Moldau
29%
Äypten
4%
St. Vincent und Grenadinen
0%
Keine übereinstimmenden Quizze gefunden
Verteilung der Resultate
Anzahl Personen mit jedem Resultat
Perzentil nach korrekt beantworteten Fragen
Ihre Resultats-Entwicklung
Sie haben dieses Quiz noch nicht gespielt